[Event "zonal 1.1b"]
[Site "Brussels BEL"]
[Date "1993.??.??"]
[Round "1"]
[White "Bricard, Emmanuel"]
[Black "Ballester"]
[Result "1-0"]
[WhiteElo "2460"]
[BlackElo "2225"]
[EventDate "1993.04.??"]
[PlyCount "62"]

1.d4 Nf6 2.c4 g6 3.Nc3 Bg7 4.e4 d6 5.f3 O-O 6.Nge2 c5 7.d5 a6 8.a4 e6 9.
Ng3 exd5 10.cxd5 h5 11.Be2 h4 12.Nf1 Nh7 13.Ne3 f5 14.Nc4 f4 15.Bd3 Qg5 
16.Qe2 Rd8 17.Bd2 Ra7 18.Kd1 Be5 19.Kc2 Qe7 20.g3 fxg3 21.Nxe5 dxe5 22.
hxg3 h3 23.g4 b5 24.axb5 axb5 25.Rxa7 Qxa7 26.Bxb5 Na6 27.Rxh3 Nb4+ 28.Kd1
Bd7 29.Bc4 Be8 30.Qh2 Ba4+ 31.Ke2 Rd6 1-0

[Event "zonal 1.1b"]
[Site "Brussels BEL"]
[Date "1993.??.??"]
[Round "1"]
[White "Dorfman, Iossif"]
[Black "Meulders, Richard"]
[Result "1-0"]
[WhiteElo "2580"]
[BlackElo "2330"]
[EventDate "1993.04.??"]
[PlyCount "113"]

1.d4 f5 2.Nf3 Nf6 3.g3 g6 4.Bg2 Bg7 5.O-O O-O 6.c4 d6 7.Nc3 e6 8.Bg5 h6 9.
Bxf6 Qxf6 10.e4 Nc6 11.exf5 gxf5 12.d5 Nb4 13.a3 Na6 14.Rc1 e5 15.b4 Bd7 
16.Nh4 Rae8 17.Bh3 Re7 18.Qc2 Qf7 19.Rcd1 Qh5 20.Qe2 Qg5 21.Kh1 Nb8 22.Nb5
Be8 23.Rde1 Bh5 24.Qe3 f4 25.Qd3 a6 26.Nc3 Be8 27.Ne4 Qh5 28.Kg2 Bg6 29.f3
Bh7 30.c5 Bf6 31.Bg4 Qe8 32.Nf5 Bxf5 33.Bxf5 Qd8 34.Kh1 Bg7 35.g4 Kh8 36.
Rg1 Nd7 37.Bxd7 Qxd7 38.Rc1 Bf6 39.c6 Qc8 40.cxb7 Qxb7 41.Rc6 Qb5 42.Qxb5 
axb5 43.Rgc1 Bg7 44.Rxc7 Rxc7 45.Rxc7 Ra8 46.Rc3 Bf8 47.Kg2 Kg8 48.Kf1 Be7
49.h4 Kf8 50.h5 Ke8 51.Ke2 Kd7 52.Kd2 Ra7 53.Kc2 Ra8 54.Kb3 Ra6 55.Rc1 Rb6
56.Rc2 Ra6 57.Ra2 1-0

[Event "zonal 1.1b"]
[Site "Brussels BEL"]
[Date "1993.??.??"]
[Round "1"]
[White "Dutreeuw, Marc"]
[Black "Collin, Denis"]
[Result "1-0"]
[WhiteElo "2450"]
[BlackElo "2265"]
[EventDate "1993.04.??"]
[PlyCount "62"]

1.e4 c6 2.d4 d5 3.Nd2 dxe4 4.Nxe4 Nf6 5.Nxf6+ exf6 6.Bc4 Bd6 7.Qf3 Qa5+ 8.
c3 Qf5 9.Qxf5 Bxf5 10.Ne2 O-O 11.Bf4 Bxf4 12.Nxf4 Re8+ 13.Kd2 Nd7 14.Rhe1 
c5 15.Rxe8+ Rxe8 16.Re1 Rxe1 17.Kxe1 cxd4 18.cxd4 g5 19.Nd5 Be6 20.Kd2 f5 
21.Kc3 h5 22.Ne7+ Kf8 23.Nc8 Bxc4 24.Kxc4 a6 25.Nd6 b5+ 26.Kd5 f4 27.Kc6 
Nf6 28.d5 g4 29.h3 gxh3 30.gxh3 Kg7 31.Nf5+ Kg6 1-0

[Event "zonal 1.1b"]
[Site "Brussels BEL"]
[Date "1993.??.??"]
[Round "1"]
[White "Geenen, Marc"]
[Black "Vaisser, Anatoli"]
[Result "0-1"]
[WhiteElo "2320"]
[BlackElo "2555"]
[EventDate "1993.04.??"]
[PlyCount "122"]

1.e4 c5 2.Nf3 Nc6 3.d4 cxd4 4.Nxd4 Nf6 5.Nc3 e5 6.Ndb5 d6 7.Bg5 a6 8.Na3 
b5 9.Bxf6 gxf6 10.Nd5 Bg7 11.Bd3 Ne7 12.Nxe7 Qxe7 13.c4 f5 14.O-O O-O 15.
Qh5 Rb8 16.exf5 e4 17.Rae1 Bb7 18.Re3 bxc4 19.Bxc4 Rfd8 20.f6 Qxf6 21.Bd5 
Bxd5 22.Qxd5 Qxb2 23.h3 Qb7 24.Qxb7 Rxb7 25.Rxe4 Rb2 26.Nc4 Rxa2 27.Rfe1 
d5 28.Re8+ Rxe8 29.Rxe8+ Bf8 30.Nb6 d4 31.Nd7 d3 32.Rxf8+ Kg7 33.Rd8 d2 
34.Nc5 Ra1+ 35.Kh2 d1=Q 36.Rxd1 Rxd1 37.Nxa6 Kf6 38.Nb4 Rd2 39.Kg3 Ke5 40.
Kf3 Kd4 41.Nc6+ Kd5 42.Nd8 f6 43.Nf7 Rd3+ 44.Kf4 Ke6 45.Nh6 Rd4+ 46.Ke3 
Ra4 47.Ng4 f5 48.Nh2 f4+ 49.Kf3 Kf5 50.g3 Ra3+ 51.Kg2 fxg3 52.fxg3 Ra2+ 
53.Kg1 Ke4 54.Kh1 Ke3 55.Kg1 Rb2 56.h4 Ra2 57.h5 Rb2 58.h6 Ra2 59.Ng4+ Kf3
60.Nf6 Kxg3 61.Kf1 Rf2+ 0-1

[Event "zonal 1.1b"]
[Site "Brussels BEL"]
[Date "1993.??.??"]
[Round "1"]
[White "Le Quang, Kim"]
[Black "Apicella, Manuel"]
[Result "0-1"]
[WhiteElo "2215"]
[BlackElo "2495"]
[EventDate "1993.04.??"]
[PlyCount "84"]

1.e4 e6 2.d4 d5 3.Nd2 Nf6 4.e5 Nfd7 5.c3 c5 6.Bd3 Nc6 7.Ne2 cxd4 8.cxd4 f6
9.exf6 Nxf6 10.Nf3 Bd6 11.O-O O-O 12.Bf4 Bxf4 13.Nxf4 Ne4 14.Qc1 Ng5 15.
Nxg5 Qxg5 16.Ne2 Qf6 17.Qe3 a6 18.f4 Bd7 19.Rad1 g6 20.Rf3 Rac8 21.Bb1 b5 
22.Qd2 b4 23.Ng3 a5 24.Nh1 Rc7 25.Rff1 Ne7 26.g3 Rc4 27.b3 Rc3 28.Nf2 h5 
29.Rfe1 a4 30.Re3 Rfc8 31.Rde1 Nc6 32.Rxc3 bxc3 33.Qxc3 Nxd4 34.Qe3 Rc3 
35.Nd3 axb3 36.axb3 Bb5 37.Kg2 Bxd3 38.Bxd3 Nc2 39.Bxc2 Rxe3 40.Rxe3 Qb2 
41.Re2 Kg7 42.Kf1 Qc3 0-1

[Event "zonal 1.1b"]
[Site "Brussels BEL"]
[Date "1993.??.??"]
[Round "1"]
[White "Nijboer, Friso"]
[Black "Wians, Camille"]
[Result "1/2-1/2"]
[WhiteElo "2505"]
[BlackElo "2265"]
[EventDate "1993.04.??"]
[PlyCount "70"]

1.e4 c5 2.Nf3 Nc6 3.d4 cxd4 4.Nxd4 e5 5.Nb5 d6 6.N1c3 a6 7.Na3 b5 8.Nd5 
Be7 9.Be3 Rb8 10.Qd2 Nf6 11.Bd3 O-O 12.O-O Be6 13.c4 bxc4 14.Nxf6+ Bxf6 
15.Bxc4 Nd4 16.Bxe6 fxe6 17.Rae1 Qd7 18.b3 Qc6 19.Nc4 Rbd8 20.Bxd4 exd4 
21.e5 dxe5 22.Nxe5 Qd5 23.Nd3 Qf5 24.Qe2 Rd6 25.Qe4 Rc8 26.Qxf5 exf5 27.
Re2 Rc3 28.Rd1 a5 29.f4 a4 30.bxa4 Ra6 31.Ne5 Rxa4 32.Nd7 d3 33.Nxf6+ Kf7 
34.Red2 Kxf6 35.Rxd3 Rxd3 1/2-1/2

[Event "zonal 1.1b"]
[Site "Brussels BEL"]
[Date "1993.??.??"]
[Round "1"]
[White "Van Wely, Loek"]
[Black "Mohandesi, Shahin"]
[Result "1-0"]
[WhiteElo "2560"]
[BlackElo "2310"]
[EventDate "1993.04.??"]
[PlyCount "89"]

1.d4 Nf6 2.c4 g6 3.Nc3 d5 4.Nf3 Bg7 5.Bf4 O-O 6.Rc1 c5 7.dxc5 Na6 8.cxd5 
Nxc5 9.e3 Qa5 10.Be5 Nce4 11.Qd4 Rd8 12.Bc4 Be6 13.Bxf6 Nxf6 14.dxe6 Rxd4 
15.exf7+ Kh8 16.exd4 Qb4 17.Bb3 a5 18.O-O Bh6 19.Rc2 Kg7 20.Be6 Rd8 21.Re1
a4 22.a3 Qa5 23.Ba2 Kf8 24.Rce2 Rd7 25.Re5 Qa7 26.Rc5 Rd8 27.Rc4 b5 28.
Nxb5 Qb7 29.Rb4 Nd5 30.Bxd5 Qxd5 31.Nc7 Qxf7 32.Ne6+ Ke8 33.Nxd8 Kxd8 34.
Rxa4 Bf4 35.Ra8+ Kc7 36.Rxe7+ Qxe7 37.Ra7+ Kd6 38.Rxe7 Kxe7 39.a4 Kd6 40.
Kf1 Kd5 41.b3 Ke4 42.Ke2 Bc7 43.Ng5+ Kf5 44.Nxh7 Bd6 45.a5 1-0

[Event "zonal 1.1b"]
[Site "Brussels BEL"]
[Date "1993.??.??"]
[Round "1"]
[White "Vandevoort, Pascal"]
[Black "Van der Wiel, John"]
[Result "1-0"]
[WhiteElo "2010"]
[BlackElo "2555"]
[EventDate "1993.04.??"]
[PlyCount "85"]

1.d4 Nf6 2.Nf3 e6 3.c4 b6 4.g3 Ba6 5.Nbd2 Bb4 6.Qa4 c5 7.a3 Bxd2+ 8.Bxd2 
cxd4 9.Bg2 Bb7 10.O-O O-O 11.Nxd4 Bxg2 12.Kxg2 Qc7 13.Rfd1 Rc8 14.Rac1 a6 
15.Bg5 Ne8 16.b4 h6 17.Be3 Nd6 18.c5 Nc4 19.Qb3 b5 20.f3 Nc6 21.Bf2 Rd8 
22.g4 Qe5 23.Rxc4 bxc4 24.Qxc4 d5 25.Nxc6 Qc7 26.Qc3 Qxc6 27.h4 f6 28.g5 
hxg5 29.hxg5 fxg5 30.Qe5 g4 31.Bd4 gxf3+ 32.exf3 Ra7 33.Kf2 Qa4 34.Rg1 
Qc2+ 35.Ke3 Rdd7 36.Qb8+ Kh7 37.Rh1+ Kg6 38.Qe8+ Rf7 39.Qxe6+ Rf6 40.Rg1+ 
Kh7 41.Bxf6 Qb3+ 42.Kf2 Qc2+ 43.Qe2 1-0

[Event "zonal 1.1b"]
[Site "Brussels BEL"]
[Date "1993.??.??"]
[Round "1"]
[White "Winkler, Caroline"]
[Black "Prie, Eric"]
[Result "0-1"]
[WhiteElo "2110"]
[BlackElo "2470"]
[EventDate "1993.04.??"]
[PlyCount "50"]

1.e4 d5 2.exd5 Qxd5 3.Nc3 Qa5 4.d4 Nf6 5.Bd3 Nc6 6.Ne2 Bg4 7.f3 Bf5 8.Bxf5
Qxf5 9.a3 O-O-O 10.Be3 e5 11.d5 Ne7 12.Ng3 Qg6 13.Bxa7 Nexd5 14.Nxd5 Nxd5 
15.Qe2 Nf4 16.Qc4 Nxg2+ 17.Kf1 Nf4 18.Be3 Nd5 19.Bf2 h5 20.Rg1 Qe6 21.Qa4 
Nb6 22.Qe4 Rd2 23.Be3 Rxh2 24.b3 h4 25.Nf5 g6 0-1

[Event "zonal 1.1b"]
[Site "Brussels BEL"]
[Date "1993.??.??"]
[Round "2"]
[White "Apicella, Manuel"]
[Black "David, Alberto"]
[Result "1/2-1/2"]
[WhiteElo "2495"]
[BlackElo "2380"]
[EventDate "1993.04.??"]
[PlyCount "56"]

1.e4 e5 2.Nf3 Nc6 3.Bb5 a6 4.Ba4 Nf6 5.O-O Be7 6.Re1 b5 7.Bb3 O-O 8.c3 d5 
9.exd5 Nxd5 10.Nxe5 Nxe5 11.Rxe5 Bb7 12.d4 Bf6 13.Re1 Qd7 14.Nd2 Rae8 15.
Rxe8 Rxe8 16.Nf1 Qc6 17.f3 Nxc3 18.bxc3 Qxc3 19.Be3 Rxe3 20.Nxe3 Bxd4 21.
Rb1 Qxe3+ 22.Kh1 g6 23.Qf1 Qf4 24.Qc1 Qxf3 25.Qf1 Qf5 26.Re1 Qd7 27.Qf4 c5
28.Qb8+ Bc8 1/2-1/2

[Event "zonal 1.1b"]
[Site "Brussels BEL"]
[Date "1993.??.??"]
[Round "2"]
[White "Collin, Denis"]
[Black "Geenen, Marc"]
[Result "0-1"]
[WhiteElo "2265"]
[BlackElo "2320"]
[EventDate "1993.04.??"]
[PlyCount "46"]

1.c4 e5 2.Nc3 Nf6 3.g3 c6 4.d4 exd4 5.Qxd4 d5 6.cxd5 cxd5 7.Nf3 Nc6 8.Qd1 
d4 9.Nb1 Bf5 10.Bg2 Bc5 11.O-O O-O 12.Nh4 Be4 13.Nd2 Bxg2 14.Nxg2 Re8 15.
Nb3 Bb6 16.Bg5 h6 17.Bxf6 Qxf6 18.Nf4 Rad8 19.Nd2 d3 20.exd3 g5 21.Nh5 Qg6
22.g4 Rxd3 23.Qc2 Rg3+ 0-1

[Event "zonal 1.1b"]
[Site "Brussels BEL"]
[Date "1993.??.??"]
[Round "2"]
[White "Hartoch, Robert"]
[Black "Bricard, Emmanuel"]
[Result "1/2-1/2"]
[WhiteElo "2355"]
[BlackElo "2460"]
[EventDate "1993.04.??"]
[PlyCount "83"]

1.Nf3 d6 2.d4 Bg4 3.e4 Nf6 4.h3 Bh5 5.Nc3 e6 6.g4 Bg6 7.Qe2 a6 8.Bg2 Be7 
9.Nh4 Bxe4 10.Nxe4 Nxe4 11.Bxe4 d5 12.Nf3 dxe4 13.Qxe4 c6 14.Bd2 Nd7 15.
O-O-O Nf6 16.Qd3 b5 17.Kb1 c5 18.dxc5 Qxd3 19.cxd3 Bxc5 20.Be3 Bd6 21.Bd4 
Ke7 22.Bxf6+ Kxf6 23.d4 Bf4 24.d5 Rad8 25.dxe6 Kxe6 26.Rhe1+ Kf6 27.Rxd8 
Rxd8 28.Kc2 g6 29.Re4 Bc7 30.a4 Rd5 31.axb5 axb5 32.Ne1 Re5 33.Kd3 Rxe4 
34.Kxe4 Ke6 35.g5 Bd8 36.f4 f5+ 37.gxf6 Bxf6 38.b3 Bg7 39.Nf3 Kd6 40.Ne1 
Bb2 41.Nd3 Bc3 42.Nc1 1/2-1/2

[Event "zonal 1.1b"]
[Site "Brussels BEL"]
[Date "1993.??.??"]
[Round "2"]
[White "Hauchard, Arnaud"]
[Black "Dorfman, Iossif"]
[Result "1/2-1/2"]
[WhiteElo "2450"]
[BlackElo "2580"]
[EventDate "1993.04.??"]
[PlyCount "81"]

1.c4 e6 2.Nc3 d5 3.d4 c6 4.e4 dxe4 5.Nxe4 Bb4+ 6.Bd2 Qxd4 7.Bxb4 Qxe4+ 8.
Ne2 Nd7 9.Qd6 a5 10.Ba3 Qe5 11.Qd2 Ngf6 12.O-O-O Ne4 13.Qe3 b5 14.f4 Qc7 
15.Qxe4 b4 16.Bxb4 axb4 17.Kb1 O-O 18.Nc1 e5 19.fxe5 Nxe5 20.Nd3 Nxd3 21.
Bxd3 g6 22.b3 Qa5 23.Rd2 Bf5 24.Qe2 Rfe8 25.Qf2 Rad8 26.Bxf5 Rxd2 27.Qxd2 
Qxf5+ 28.Kc1 Qe5 29.Kb1 Qf5+ 30.Kc1 c5 31.h3 Qe5 32.Kb1 Qf5+ 33.Kc1 Qf6 
34.Kb1 Qf5+ 35.Kc1 Qf6 36.Kb1 Rd8 37.Qe2 Qf5+ 38.Kc1 Qf6 39.Kb1 Qf5+ 40.
Kc1 Qf4+ 41.Kc2 1/2-1/2

[Event "zonal 1.1b"]
[Site "Brussels BEL"]
[Date "1993.??.??"]
[Round "2"]
[White "Prie, Eric"]
[Black "Vandevoort, Pascal"]
[Result "1-0"]
[WhiteElo "2470"]
[BlackElo "2310"]
[EventDate "1993.04.??"]
[PlyCount "85"]

1.e4 c5 2.Nf3 Nc6 3.Bb5 e6 4.Bxc6 bxc6 5.b3 Ne7 6.Bb2 d6 7.e5 d5 8.d3 Nf5 
9.c4 g5 10.g4 Nd4 11.Nxd4 cxd4 12.Bxd4 c5 13.Bb2 Bb7 14.Rg1 d4 15.Qe2 Bg7 
16.Kd1 f6 17.exf6 Qxf6 18.Nd2 O-O 19.Rf1 Bg2 20.Kc2 Bxf1 21.Rxf1 a5 22.a4 
Rab8 23.Ne4 Qe7 24.Ba3 Rf4 25.Re1 e5 26.Rb1 Rc8 27.Bc1 Rxe4 28.Qxe4 Rf8 
29.f3 Qf6 30.Bd2 Qxf3 31.Qxf3 Rxf3 32.Bxa5 e4 33.Rd1 e3 34.b4 cxb4 35.Bxb4
Be5 36.a5 Bxh2 37.a6 Bb8 38.Bc5 Rf2+ 39.Kb3 h5 40.gxh5 g4 41.Bxd4 e2 42.
Re1 g3 43.a7 1-0

[Event "zonal 1.1b"]
[Site "Brussels BEL"]
[Date "1993.??.??"]
[Round "2"]
[White "Vaisser, Anatoli"]
[Black "Dutreeuw, Marc"]
[Result "1/2-1/2"]
[WhiteElo "2555"]
[BlackElo "2450"]
[EventDate "1993.04.??"]
[PlyCount "37"]

1.d4 d5 2.c4 e6 3.Nc3 Be7 4.cxd5 exd5 5.Bf4 Nf6 6.e3 Bf5 7.Nge2 O-O 8.Ng3 
Be6 9.Bd3 g6 10.O-O c5 11.dxc5 Bxc5 12.Nb5 Nc6 13.Rc1 Bb6 14.Qa4 Nd7 15.
Qa3 Nde5 16.Rfd1 Qf6 17.Be2 Rfd8 18.Nc3 g5 19.Bxe5 1/2-1/2

[Event "zonal 1.1b"]
[Site "Brussels BEL"]
[Date "1993.??.??"]
[Round "2"]
[White "Van der Wiel, John"]
[Black "Ballester"]
[Result "1-0"]
[WhiteElo "2555"]
[BlackElo "2225"]
[EventDate "1993.04.??"]
[PlyCount "67"]

1.e4 c6 2.d4 d5 3.Nd2 dxe4 4.Nxe4 Nf6 5.Nxf6+ gxf6 6.c3 Bf5 7.Nf3 Qc7 8.g3
Nd7 9.Bg2 O-O-O 10.Nh4 Be6 11.O-O Bc4 12.Re1 e5 13.Be3 Kb8 14.Qc2 Bd5 15.
Bxd5 cxd5 16.Rad1 exd4 17.Rxd4 Nb6 18.Rf4 Qc6 19.Bd4 Nd7 20.Nf5 Bc5 21.Re3
Rhe8 22.Qe2 Rxe3 23.Qxe3 Ka8 24.Bxc5 Qxc5 25.Qe7 Qxe7 26.Nxe7 Re8 27.Nxd5 
Re1+ 28.Kg2 Re2 29.Nxf6 Ne5 30.Re4 Rxe4 31.Nxe4 Nc4 32.b3 Ne5 33.f4 Nd7 
34.Ng5 1-0

[Event "zonal 1.1b"]
[Site "Brussels BEL"]
[Date "1993.??.??"]
[Round "3"]
[White "Bricard, Emmanuel"]
[Black "Hauchard, Arnaud"]
[Result "1/2-1/2"]
[WhiteElo "2460"]
[BlackElo "2450"]
[EventDate "1993.04.??"]
[PlyCount "85"]

1.Nf3 Nf6 2.g3 d5 3.Bg2 c5 4.O-O Nc6 5.d4 cxd4 6.Nxd4 Bd7 7.c4 e5 8.Nxc6 
Bxc6 9.Bg5 d4 10.Bxc6+ bxc6 11.e3 dxe3 12.Qxd8+ Rxd8 13.Bxe3 Rd7 14.h3 Bb4
15.a3 Ba5 16.b4 Bb6 17.Bxb6 axb6 18.a4 Rd4 19.Rc1 Kd7 20.Kf1 Ne4 21.Ke2 
Ra8 22.Ra3 Kc7 23.Rc2 f6 24.a5 bxa5 25.bxa5 Ra6 26.Ke3 Nc5 27.Nd2 Rd8 28.
h4 Rda8 29.Rca2 Kd6 30.g4 g6 31.f4 Re8 32.f5 gxf5 33.gxf5 Rg8 34.Kf3 h5 
35.Re3 Rg4 36.Ne4+ Nxe4 37.Rxe4 Rxe4 38.Kxe4 Kc5 39.Kd3 Kb4 40.Rb2+ Kc5 
41.Rb7 Rxa5 42.Rf7 Ra4 43.Rxf6 1/2-1/2

[Event "zonal 1.1b"]
[Site "Brussels BEL"]
[Date "1993.??.??"]
[Round "3"]
[White "David, Alberto"]
[Black "Vaisser, Anatoli"]
[Result "1-0"]
[WhiteElo "2380"]
[BlackElo "2555"]
[EventDate "1993.04.??"]
[PlyCount "61"]

1.e4 c5 2.Nf3 Nc6 3.Bb5 e6 4.O-O Nge7 5.b3 Nd4 6.Nxd4 cxd4 7.c3 a6 8.Bd3 
Nc6 9.cxd4 d5 10.exd5 Qxd5 11.Bb2 Be7 12.Na3 Bxa3 13.Bxa3 Qxd4 14.Qe2 Bd7 
15.Rac1 Ne5 16.Be4 Bb5 17.d3 Qd7 18.Rfd1 f6 19.Qe3 Kf7 20.d4 Ng6 21.Qf3 
Rac8 22.Rxc8 Rxc8 23.d5 e5 24.Bf5 Qd8 25.Be6+ Ke8 26.Qh5 Rc7 27.Qxh7 Nf8 
28.Bxf8 Kxf8 29.Qg8+ Ke7 30.d6+ Qxd6 31.Qf7+ 1-0

[Event "zonal 1.1b"]
[Site "Brussels BEL"]
[Date "1993.??.??"]
[Round "3"]
[White "Dutreeuw, Marc"]
[Black "Apicella, Manuel"]
[Result "1-0"]
[WhiteElo "2450"]
[BlackElo "2495"]
[EventDate "1993.04.??"]
[PlyCount "205"]

1.e4 e6 2.d4 d5 3.Nc3 Bb4 4.e5 c5 5.a3 Bxc3+ 6.bxc3 Ne7 7.Qg4 Qc7 8.Qxg7 
Rg8 9.Qxh7 cxd4 10.Ne2 Nbc6 11.f4 Bd7 12.Qd3 dxc3 13.Nxc3 a6 14.Ne2 Rc8 
15.Rg1 Na5 16.Nd4 Nec6 17.Rb1 Nxd4 18.Qxd4 Qxc2 19.Bd3 Nb3 20.Bxc2 Nxd4 
21.Bd1 Rc4 22.Kd2 b5 23.Rb4 a5 24.Rxc4 bxc4 25.Bb2 Nc6 26.Ke3 Ke7 27.Bc2 
Rh8 28.h3 Rh4 29.Rf1 Kd8 30.Bc3 Kc7 31.Rf3 Kb6 32.Bd4+ Kc7 33.Bc5 Kb7 34.
Rg3 Ka6 35.Rg4 Rxg4 36.hxg4 Kb5 37.Bd4 Ne7 38.Bc3 Nc6 39.Bd4 Ne7 40.Kd2 a4
41.Kc3 Bc8 42.Bd1 Bd7 43.Bf2 Ng6 44.g3 Ne7 45.g5 Bc8 46.Bh5 Ng6 47.Kd4 Kc6
48.Be1 Ne7 49.Bf2 Ng6 50.Kc3 Kb5 51.Ba7 Bd7 52.Bb8 Ne7 53.Bxf7 Nf5 54.Ba7 
Nxg3 55.Kd2 Nf5 56.Kc3 Kc6 57.Bf2 Ng7 58.Kb4 Kc7 59.Bg6 Nf5 60.Bh5 Ne7 61.
Bc5 Nf5 62.Bf7 Bc8 63.g6 Kd7 64.Kxa4 c3 65.Kb3 d4 66.g7 Nxg7 67.Bxd4 Bb7 
68.Bxc3 Be4 69.Bb4 Nf5 70.Bh5 Kc6 71.Kc4 Bd5+ 72.Kd3 Bg2 73.Bd1 Bf1+ 74.
Kc3 Ne3 75.Bf3+ Kb5 76.Be4 Bh3 77.Bf8 Ng2 78.Bd3+ Ka4 79.Bc2+ Kb5 80.Bh6 
Ne3 81.Bb3 Kc5 82.Bf8+ Kc6 83.Kd4 Nf5+ 84.Kd3 Ng3 85.a4 Bf5+ 86.Ke3 Nf1+ 
87.Kd4 Bg4 88.Bb4 Ng3 89.Bc4 Nf5+ 90.Kd3 Nh4 91.a5 Ng2 92.Bd2 Kc5 93.a6 
Bf5+ 94.Kc3 Kb6 95.Kd4 Bg4 96.Ke4 Nh4 97.Be3+ Kc7 98.Bf2 Ng6 99.a7 Kb7 
100.Ba6+ Ka8 101.Bb5 Ne7 102.Bc5 Nf5 103.Kd3 1-0

[Event "zonal 1.1b"]
[Site "Brussels BEL"]
[Date "1993.??.??"]
[Round "3"]
[White "Geenen, Marc"]
[Black "Seknadje, Jose"]
[Result "1/2-1/2"]
[WhiteElo "2320"]
[BlackElo "2210"]
[EventDate "1993.04.??"]
[PlyCount "59"]

1.e4 e6 2.d4 d5 3.Nd2 c5 4.exd5 exd5 5.Bb5+ Nc6 6.Ne2 Nf6 7.O-O Be7 8.dxc5
Bxc5 9.Nb3 Bd6 10.Bf4 O-O 11.Bxd6 Qxd6 12.Qd2 Bf5 13.Bxc6 bxc6 14.c4 Ne4 
15.Qd4 dxc4 16.Qxc4 Nd2 17.Qd4 Rad8 18.Qxd6 Rxd6 19.Ned4 Bd3 20.Rfe1 c5 
21.Rad1 Nxb3 22.Nxb3 c4 23.Nc5 h6 24.Re3 Rb8 25.b3 Rc8 26.b4 a5 27.a3 axb4
28.axb4 Rb6 29.Nxd3 cxd3 30.Rexd3 1/2-1/2

[Event "zonal 1.1b"]
[Site "Brussels BEL"]
[Date "1993.??.??"]
[Round "3"]
[White "Le Quang, Kim"]
[Black "Reinderman, Dimitri"]
[Result "0-1"]
[WhiteElo "2215"]
[BlackElo "2415"]
[EventDate "1993.04.??"]
[PlyCount "56"]

1.e4 e5 2.Nf3 d6 3.d4 exd4 4.Nxd4 g6 5.Nc3 Bg7 6.Be3 Nf6 7.f3 O-O 8.Qd2 
Re8 9.O-O-O Nc6 10.g4 a6 11.Be2 Ne5 12.Rhg1 b5 13.b3 b4 14.Na4 Bxg4 15.
fxg4 Nxe4 16.Qe1 c5 17.Nf3 Qf6 18.Nd2 Nc6 19.Nxe4 Rxe4 20.Bd3 Re6 21.Qf2 
Qa1+ 22.Kd2 Qxa2 23.Rgf1 Rae8 24.Qxf7+ Kh8 25.Bg5 Na5 26.Rb1 c4 27.Bxc4 
Nxc4+ 28.bxc4 Re2+ 0-1

[Event "zonal 1.1b"]
[Site "Brussels BEL"]
[Date "1993.??.??"]
[Round "3"]
[White "Nijboer, Friso"]
[Black "Mohandesi, Shahin"]
[Result "1-0"]
[WhiteElo "2505"]
[BlackElo "2310"]
[EventDate "1993.04.??"]
[PlyCount "81"]

1.e4 c5 2.Nf3 Nc6 3.d4 cxd4 4.Nxd4 Nf6 5.Nc3 e5 6.Ndb5 d6 7.Bg5 a6 8.Na3 
b5 9.Bxf6 gxf6 10.Nd5 f5 11.Bd3 Be6 12.O-O Bxd5 13.exd5 Ne7 14.c3 Bg7 15.
Qh5 Qd7 16.Rad1 Rc8 17.Bb1 f4 18.g3 Rc5 19.Be4 Kf8 20.gxf4 f5 21.Qh3 Qc8 
22.Bg2 e4 23.Nc2 Nxd5 24.Bxe4 Nxf4 25.Qf3 Be5 26.Bd5 Qd8 27.Ne3 Qh4 28.
Rfe1 Nxd5 29.Nxd5 Bxh2+ 30.Kf1 Qg5 31.Re6 Be5 32.b4 Rc4 33.Nb6 Re4 34.Nd7+
Kf7 35.Rdxd6 Bxd6 36.Rxe4 Rg8 37.Ne5+ Ke6 38.Re3 f4 39.Qh3+ Qf5 40.Nf3+ 
fxe3 41.Nd4+ 1-0

[Event "zonal 1.1b"]
[Site "Brussels BEL"]
[Date "1993.??.??"]
[Round "3"]
[White "Renet, Olivier"]
[Black "Prie, Eric"]
[Result "1-0"]
[WhiteElo "2535"]
[BlackElo "2470"]
[EventDate "1993.04.??"]
[PlyCount "87"]

1.c4 g6 2.Nc3 Bg7 3.d4 Nf6 4.e4 d6 5.f3 O-O 6.Be3 Nbd7 7.Qd2 c6 8.Nh3 a6 
9.Nf2 b5 10.Be2 b4 11.Na4 Qa5 12.b3 c5 13.a3 Rb8 14.Rb1 Nh5 15.d5 Qc7 16.
axb4 Rxb4 17.O-O Qb8 18.Qc2 e6 19.Nd3 Rb7 20.f4 exd5 21.cxd5 Nhf6 22.Nf2 
Rc7 23.Bd2 Re8 24.Bc3 Bb7 25.Bf3 Rcc8 26.Nb2 Nb6 27.Nc4 Nxc4 28.bxc4 Re7 
29.Rb3 Ne8 30.Bxg7 Kxg7 31.Qb2+ f6 32.e5 dxe5 33.fxe5 fxe5 34.Ne4 Qc7 35.
d6 Nxd6 36.Nxd6 Qxd6 37.Rxb7 Rcc7 38.Rxc7 Qxc7 39.Bd5 Qd6 40.Qc3 h5 41.h3 
Kh6 42.Rf8 Ra7 43.Rh8+ Kg7 44.Rc8 1-0

[Event "zonal 1.1b"]
[Site "Brussels BEL"]
[Date "1993.??.??"]
[Round "3"]
[White "Vandevoort, Pascal"]
[Black "Sosonko, Gennadi"]
[Result "0-1"]
[WhiteElo "2310"]
[BlackElo "2535"]
[EventDate "1993.04.??"]
[PlyCount "30"]

1.d4 d5 2.Nf3 Nf6 3.c4 e6 4.Nc3 Bb4 5.Bg5 h6 6.Bxf6 Qxf6 7.e3 O-O 8.Rc1 
dxc4 9.Bxc4 c5 10.O-O cxd4 11.exd4 Nc6 12.Ne4 Qf4 13.Qe2 Rd8 14.Rfd1 Be7 
15.d5 exd5 0-1

[Event "zonal 1.1b"]
[Site "Brussels BEL"]
[Date "1993.??.??"]
[Round "3"]
[White "Winkler, Caroline"]
[Black "Blees, Albert"]
[Result "0-1"]
[WhiteElo "2110"]
[BlackElo "2405"]
[EventDate "1993.04.??"]
[PlyCount "86"]

1.e4 e6 2.d3 c5 3.g3 Nc6 4.Bg2 g6 5.f4 Bg7 6.Nf3 Nge7 7.Nc3 O-O 8.O-O d6 
9.Be3 Nd4 10.Rb1 b6 11.Ne2 Nxf3+ 12.Bxf3 Bb7 13.c3 f5 14.b4 Qd7 15.Qb3 Bc6
16.b5 Bb7 17.Rbd1 Kh8 18.a4 a6 19.Ra1 Rfc8 20.Rfb1 a5 21.Rd1 Ng8 22.Rac1 
Nf6 23.Qb1 Re8 24.c4 Re7 25.Nc3 Rae8 26.Re1 Qc8 27.Qc2 Qa8 28.Qg2 Rd8 29.
h3 h6 30.Bd2 Nh7 31.Kf2 Bd4+ 32.Be3 e5 33.Bxd4 cxd4 34.Nd5 Bxd5 35.exd5 
Qc8 36.Re2 Qc5 37.Rce1 Rde8 38.Kf1 Nf6 39.g4 e4 40.dxe4 d3 41.Re3 Qxc4 42.
Kg1 Qd4 43.Qd2 fxe4 0-1

[Event "zonal 1.1b"]
[Site "Brussels BEL"]
[Date "1993.??.??"]
[Round "4"]
[White "Apicella, Manuel"]
[Black "Seknadje, Jose"]
[Result "1-0"]
[WhiteElo "2495"]
[BlackElo "2210"]
[EventDate "1993.04.??"]
[PlyCount "67"]

1.e4 e6 2.d4 d5 3.Nc3 Bb4 4.e5 c5 5.a3 Bxc3+ 6.bxc3 Ne7 7.Qg4 cxd4 8.Bd3 
Qc7 9.Ne2 dxc3 10.Qxg7 Rg8 11.Qxh7 Qxe5 12.Bf4 Qf6 13.h4 Rxg2 14.Kf1 Rg4 
15.Bg5 Qe5 16.f3 Rc4 17.Bxc4 dxc4 18.f4 Qd5 19.Qh8+ Kd7 20.Kf2 Qc5+ 21.
Qd4+ Qxd4+ 22.Nxd4 Nbc6 23.Nxc6 bxc6 24.h5 Ba6 25.Rad1+ Nd5 26.h6 Kc7 27.
h7 Rh8 28.Rxd5 exd5 29.Bf6 Rxh7 30.Rxh7 c5 31.Rxf7+ Kc6 32.Bxc3 d4 33.Rf6+
Kb7 34.f5 1-0

[Event "zonal 1.1b"]
[Site "Brussels BEL"]
[Date "1993.??.??"]
[Round "4"]
[White "Blees, Albert"]
[Black "Nijboer, Friso"]
[Result "0-1"]
[WhiteElo "2405"]
[BlackElo "2505"]
[EventDate "1993.04.??"]
[PlyCount "54"]

1.e4 c5 2.Nf3 Nc6 3.Bb5 e6 4.O-O Nge7 5.b3 Ng6 6.Bb2 f6 7.d4 cxd4 8.Nxd4 
Bc5 9.Qd2 Qb6 10.Nxc6 dxc6 11.Bc4 O-O 12.Rd1 Kh8 13.Ba3 Ne5 14.Bf1 Bd7 15.
Bxc5 Qxc5 16.Nc3 g5 17.Na4 Qe7 18.Qd6 Qxd6 19.Rxd6 Rae8 20.Rad1 Bc8 21.Be2
Nf7 22.R6d3 Rd8 23.Bh5 Rxd3 24.Rxd3 Kg7 25.Nc5 b6 26.Nd7 Rd8 27.Nc5 bxc5 
0-1

[Event "zonal 1.1b"]
[Site "Brussels BEL"]
[Date "1993.??.??"]
[Round "4"]
[White "Bosboom, Manuel"]
[Black "Dorfman, Iossif"]
[Result "1/2-1/2"]
[WhiteElo "2425"]
[BlackElo "2580"]
[EventDate "1993.04.??"]
[PlyCount "38"]

1.e4 d5 2.exd5 Qxd5 3.Nc3 Qa5 4.d4 Nf6 5.Nf3 c6 6.Bd2 Bf5 7.Ne4 Qc7 8.
Nxf6+ gxf6 9.g3 Nd7 10.Bg2 e5 11.O-O O-O-O 12.c4 exd4 13.Nxd4 Bd3 14.Ba5 
Qxa5 15.Qxd3 Qh5 16.Qc3 Ne5 17.Rad1 Bc5 18.b4 Bxd4 19.Rxd4 Qe2 1/2-1/2

[Event "zonal 1.1b"]
[Site "Brussels BEL"]
[Date "1993.??.??"]
[Round "4"]
[White "Collin, Denis"]
[Black "Vandevoort, Pascal"]
[Result "0-1"]
[WhiteElo "2265"]
[BlackElo "2010"]
[EventDate "1993.04.??"]
[PlyCount "66"]

1.c4 g6 2.g3 Bg7 3.Bg2 e5 4.Nc3 d6 5.e3 f5 6.Nge2 Nf6 7.b3 O-O 8.Bb2 a5 9.
O-O c6 10.d3 Na6 11.Qd2 Bd7 12.Rac1 Rc8 13.Ba3 Nb4 14.Nb1 Qb6 15.d4 Ne4 
16.Bxe4 fxe4 17.c5 Qd8 18.Bxb4 axb4 19.dxe5 d5 20.e6 Bxe6 21.Nf4 Bg4 22.
Qxb4 g5 23.Ng2 Qd7 24.Nd2 Rce8 25.h4 Bf3 26.hxg5 Qh3 27.Nxf3 exf3 28.Ne1 
Re4 29.Qxb7 Rh4 30.gxh4 Qg4+ 31.Kh1 Qxh4+ 32.Kg1 Qg4+ 33.Kh1 Be5 0-1

[Event "zonal 1.1b"]
[Site "Brussels BEL"]
[Date "1993.??.??"]
[Round "4"]
[White "David, Alberto"]
[Black "Dutreeuw, Marc"]
[Result "1/2-1/2"]
[WhiteElo "2380"]
[BlackElo "2450"]
[EventDate "1993.04.??"]
[PlyCount "43"]

1.e4 d5 2.exd5 Qxd5 3.Nc3 Qa5 4.d4 Nf6 5.Nf3 Bf5 6.Ne5 c6 7.Bd3 Bxd3 8.
Qxd3 Nbd7 9.Nxd7 Nxd7 10.O-O e6 11.Bd2 Be7 12.Ne4 Qc7 13.c4 O-O 14.Bc3 
Rfd8 15.Rad1 Nc5 16.Nxc5 Bxc5 17.Qf3 Be7 18.d5 cxd5 19.cxd5 exd5 20.Rxd5 
Rxd5 21.Qxd5 Rd8 22.Qf3 1/2-1/2

[Event "zonal 1.1b"]
[Site "Brussels BEL"]
[Date "1993.??.??"]
[Round "4"]
[White "Prie, Eric"]
[Black "Hartoch, Robert"]
[Result "1/2-1/2"]
[WhiteElo "2470"]
[BlackElo "2355"]
[EventDate "1993.04.??"]
[PlyCount "20"]

1.d4 d6 2.Nf3 Nf6 3.Nc3 Nbd7 4.Bf4 c6 5.e4 Qa5 6.Bd2 e5 7.a4 Qc7 8.a5 Be7 
9.h3 O-O 10.g4 d5 1/2-1/2